00555nam a2200181Ia 4500003000900000008004100009020001800050040001600068080001600084245011800100260003400218300001600252650002000268650002100288650002300309650001900332700002200351IN-BaIIA211028s9999 xx 000 0 eng d a3-540-13006-3 cIIA Library a621.32bSCH 0aMultiresolution image processing and analysiscedited by A. Rosenfeld  aBerlinbSpringer-Verlagc1984 aviii, 385p. aData Processing aImage Processing aImaging Techniques aNASA Thesaurus aRosenfeld, A., ed